| 000 | 00776cam a22002532 4500 | ||
|---|---|---|---|
| 001 | 2756 | ||
| 003 | BD-RjUL | ||
| 005 | 20211208233619.0 | ||
| 008 | 131712s1950 nyu 00| 0 eng d | ||
| 035 |
_aOCLC ocm00270920 from D970606M _a(BD-RjUL)2783 |
||
| 040 |
_aYNG _cYNG _dOCL _dKSU _dUKM _dBD-RjUL _beng |
||
| 041 | _aeng | ||
| 082 | 0 | 4 |
_a330.973 _218 _bNEA 1950 |
| 100 | 1 |
_aNewbury, Frank D. _q(Frank Davies), _d1880-1969 _98840 |
|
| 245 | 1 | 4 | _aThe American economic system. |
| 260 |
_aNew York ; _alondon : _bMcGraw-Hill, _c1950. |
||
| 300 |
_axii, 558 p. _bdiagrs. _c23 cm. |
||
| 504 | _aBibliographical footnotes. | ||
| 650 | 0 |
_aEconomics. _98841 |
|
| 650 | 0 |
_aEconomic conditions. _xUnited States _98842 |
|
| 942 |
_2ddc _cBK |
||
| 999 |
_c2756 _d2756 |
||